000 01405nam a2200313 i 4500
001 000031973
003 DO-SdBNP
005 20250717074016.0
007 ta
008 110707t1985 dr r 000 p spa d
040 _aDO-SdBNP
_bspa
_cBNPHU
_erda
082 4 _aRD861.44
_bR767m
_222
100 1 _aMedrano Marte, Rómulo,
_d1936-
_925705
_eautor
_4aut.
245 1 0 _aRómulo Medrano Marte :
_cAntología poética /
_bRómulo Medrano Marte
264 4 _aSanto Domingo :
_bBiblioteca Nacional Pedro Henríquez Ureña (BNPHU),
_c©1985.
300 _a46 páginas ;
_c21 cm.
336 _atexto
_btxt
_2rdacontent
337 _asin mediación
_bn
_2rdamedia
338 _avolumen
_bnc
_2rdacarrier
490 0 _aColección Orfeo
505 0 _aLa poesía de Rómulo Medrano Marte /
_rAlberto Baeza Flores --
_tFinal de vuelo --
_tCanto crecido en el llanto de los niños --
_tSin despedida --
_tTragedia --
_tLabrador --
_tJardinero --
_tFlorecer de solteros --
_tFestejo para Federico García Lorca --
_tLluvia amarga --
_tLos poemas del atardecer --
_tMi esperanza --
_tDavid.
590 _aInventariado, 2024 / MF
600 1 4 _aMedrano Marte, Rómulo,
_d1936-
_xCrítica e Interpretación
_958138
650 4 _aPoesía dominicana
_966
650 4 _aLiteratura dominicana.
_967
710 2 _aBiblioteca Nacional Pedro Henríquez Ureña
_981292
910 _aValidado. Control de calidad. MMOLINA
942 _2ddc
_cLF2
999 _c31464
_d31464